<?xml version="1.0" encoding="UTF-8"?>
<record
    xmlns:xsi="http://www.w3.org/2001/XMLSchema-instance"
    xsi:schemaLocation="http://www.loc.gov/MARC21/slim http://www.loc.gov/standards/marcxml/schema/MARC21slim.xsd"
    xmlns="http://www.loc.gov/MARC21/slim">

  <leader>01241nam a22002657a 4500</leader>
  <controlfield tag="005">20170124102935.0</controlfield>
  <datafield tag="010" ind1=" " ind2=" ">
    <subfield code="a">A-775402</subfield>
  </datafield>
  <datafield tag="020" ind1=" " ind2=" ">
    <subfield code="c">00.00</subfield>
  </datafield>
  <datafield tag="035" ind1=" " ind2=" ">
    <subfield code="a">A-775402</subfield>
  </datafield>
  <datafield tag="037" ind1=" " ind2=" ">
    <subfield code="b">Cen Lib/Ret</subfield>
  </datafield>
  <datafield tag="040" ind1=" " ind2=" ">
    <subfield code="a">DPL</subfield>
    <subfield code="b">HN</subfield>
  </datafield>
  <datafield tag="082" ind1=" " ind2=" ">
    <subfield code="a">820.9</subfield>
    <subfield code="b">&#x91A;&#x93E;&#x924;&#x915;</subfield>
  </datafield>
  <datafield tag="100" ind1=" " ind2=" ">
    <subfield code="a">&#x91A;&#x93E;&#x924;&#x915;</subfield>
    <subfield code="9">41420</subfield>
  </datafield>
  <datafield tag="245" ind1=" " ind2=" ">
    <subfield code="a">&#x939;&#x93F;&#x928;&#x94D;&#x926;&#x940; &#x938;&#x93E;&#x939;&#x93F;&#x924;&#x94D;&#x92F; &#x915;&#x93E; &#x907;&#x924;&#x93F;&#x939;&#x93E;&#x938; :</subfield>
    <subfield code="c">&#x91A;&#x93E;&#x924;&#x915; [&#x914;&#x930;] &#x930;&#x93E;&#x91C;&#x915;&#x941;&#x92E;&#x93E;&#x930; &#x936;&#x930;&#x94D;&#x92E;&#x93E; </subfield>
    <subfield code="b">&#x906;&#x926;&#x93F;&#x915;&#x93E;&#x932;, &#x92D;&#x915;&#x94D;&#x924;&#x93F;&#x915;&#x93E;&#x932; &#x90F;&#x935;&#x902; &#x906;&#x927;&#x941;&#x928;&#x93F;&#x915;&#x915;&#x93E;&#x932; /</subfield>
  </datafield>
  <datafield tag="246" ind1=" " ind2=" ">
    <subfield code="a">Hindi sahitya ka itihas : adikal, bhaktikal evam adhunikkal /</subfield>
    <subfield code="b">by Chatak [aur] Rajkumar Shrama </subfield>
  </datafield>
  <datafield tag="260" ind1=" " ind2=" ">
    <subfield code="a">&#x91C;&#x92F;&#x92A;&#x941;&#x930; </subfield>
    <subfield code="b">&#x915;&#x949;&#x932;&#x93F;&#x91C; &#x92C;&#x941;&#x915; &#x921;&#x93F;&#x92A;&#x94B; </subfield>
  </datafield>
  <datafield tag="270" ind1=" " ind2=" ">
    <subfield code="a">&#x96E;&#x969;, &#x924;&#x94D;&#x930;&#x93F;&#x92A;&#x94B;&#x932;&#x93F;&#x92F;&#x93E; &#x92C;&#x93E;&#x91C;&#x93C;&#x93E;&#x930; </subfield>
    <subfield code="b">&#x91C;&#x92F;&#x92A;&#x941;&#x930; </subfield>
  </datafield>
  <datafield tag="300" ind1=" " ind2=" ">
    <subfield code="a">460&#x92A;&#x943;.</subfield>
    <subfield code="c">19&#x938;&#x947;&#x92E;&#x940; (&#x938;&#x91C;&#x93F;&#x932;&#x94D;&#x926;)</subfield>
  </datafield>
  <datafield tag="650" ind1=" " ind2=" ">
    <subfield code="a">&#x939;&#x93F;&#x928;&#x94D;&#x926;&#x940; &#x938;&#x93E;&#x939;&#x93F;&#x924;&#x94D;&#x92F; </subfield>
    <subfield code="9">46280</subfield>
  </datafield>
  <datafield tag="650" ind1=" " ind2=" ">
    <subfield code="a">&#x939;&#x93F;&#x928;&#x94D;&#x926;&#x940; &#x938;&#x93E;&#x939;&#x93F;&#x924;&#x94D;&#x92F; &#x915;&#x93E; &#x907;&#x924;&#x93F;&#x939;&#x93E;&#x938; </subfield>
    <subfield code="9">46281</subfield>
  </datafield>
  <datafield tag="650" ind1=" " ind2=" ">
    <subfield code="a">Hindi Literature</subfield>
    <subfield code="9">46282</subfield>
  </datafield>
  <datafield tag="650" ind1=" " ind2=" ">
    <subfield code="a">History of Hindi literature</subfield>
    <subfield code="9">45473</subfield>
  </datafield>
  <datafield tag="700" ind1=" " ind2=" ">
    <subfield code="a">&#x936;&#x930;&#x94D;&#x92E;&#x93E;, &#x930;&#x93E;&#x91C;&#x915;&#x941;&#x92E;&#x93E;&#x930; </subfield>
    <subfield code="9">46283</subfield>
  </datafield>
  <datafield tag="942" ind1=" " ind2=" ">
    <subfield code="2">ddc</subfield>
    <subfield code="c">HN</subfield>
    <subfield code="h">820.9</subfield>
    <subfield code="m">&#x91A;&#x93E;&#x924;&#x915; </subfield>
  </datafield>
  <datafield tag="999" ind1=" " ind2=" ">
    <subfield code="c">112195</subfield>
    <subfield code="d">112195</subfield>
  </datafield>
  <datafield tag="952" ind1=" " ind2=" ">
    <subfield code="0">0</subfield>
    <subfield code="1">0</subfield>
    <subfield code="4">0</subfield>
    <subfield code="7">0</subfield>
    <subfield code="a">L</subfield>
    <subfield code="b">L</subfield>
    <subfield code="d">2015-08-07</subfield>
    <subfield code="e">Cen Lib/Ret</subfield>
    <subfield code="g">0.00</subfield>
    <subfield code="l">0</subfield>
    <subfield code="o">820.9 &#x91A;&#x93E;&#x924;&#x915;</subfield>
    <subfield code="p">A-775402</subfield>
    <subfield code="r">2015-08-07 00:00:00</subfield>
    <subfield code="t">1</subfield>
    <subfield code="v">0.00</subfield>
    <subfield code="w">2015-08-07</subfield>
    <subfield code="y">HN</subfield>
  </datafield>
</record>
